| 000 | 00525nam a22001817a 4500 | ||
|---|---|---|---|
| 008 | 151022b xxu||||| |||| 00| 0 eng d | ||
| 020 | _a0669092002 (alk. paper) | ||
| 041 | 0 | _aeng | |
| 080 | _a339.187 | ||
| 100 | _aComer, James M. | ||
| 245 | 1 | 0 |
_aManaging the successful sales force / _cJames M. Comer, Alan J. Dubinsky. |
| 260 |
_aLexington, Mass. : _bLexington Books, _c1985. |
||
| 300 |
_axii, 145 f. : _bme il.; _c24 cm. |
||
| 650 | 0 | _aMenaxhimi | |
| 650 | 0 | _aShitja | |
| 700 | 1 | _aDubinsky, Alan J. | |
| 942 |
_2udc _cBK |
||
| 999 |
_c1332 _d1332 |
||